• 首页
  • 本馆介绍
  • 公告通知
  • 最新文献
  • 馆藏检索
  • 电子资源
  • 读者导购
  • 参考咨询
  • 我的图书馆
  • 登录
  • 详细信息显示
  • 放入我的书架
  • 预约/预借图书
  • 作者相关作品
  • 分类相关作品
  • 丛书相关作品
  • 出版社相关作品

书目信息

  • 表格格式
  • 工作单格式
  • 卡片格式
题名:
二战十大风云人物
    
 
作者: 孟节 主编
分册:  
出版信息: 哈尔滨   哈尔滨出版社  2005
页数: 10,300页
开本: 23cm
丛书名:
单 册:
中图分类: K817=52 , K815.2=52 , K811
科图分类:
主题词: 政治家--生平事迹--世界--现代 , 军事家--生平事迹--世界--现代 , 人物--传记--世界
电子资源:
ISBN: 7-80639-993-3
000 00927nam0 2200277 450
001 1556968530
005 20150120104421.71
010    @a7-80639-993-3@dCNY25.00
100    @a20050104d2005 em y0chiy50 ea
101 0  @achi
102    @aCN@b230000
105    @aa z 000yd
200 1  @a二战十大风云人物@9er zhan shi da feng yun ren wu@f孟节主编
210    @a哈尔滨@c哈尔滨出版社@d2005
215    @a10,300页@c照片@d23cm
330    @a本书重点收录了前苏联的斯大林和朱可夫,美国的罗斯福、艾森豪威尔、麦克阿瑟和巴顿,英国的丘吉尔、蒙巴顿和蒙哥马利等风云人物。
510 1  @aThe Ten Most Famous People During World War II@zeng
606 0  @a政治家@x生平事迹@y世界@z现代
606 0  @a军事家@x生平事迹@y世界@z现代
606 0  @a人物@x传记@x世界
690    @aK817=52@v5
690    @aK815.2=52@v5
690    @aK811@v4
701  0 @a孟节@9meng jie@c(文化)@4主编
801  0 @aCN@bTSSF@c20150120
905    @aZUCC@dK811@eJY48
    
    二战十大风云人物/孟节主编.-哈尔滨:哈尔滨出版社,2005
    10,300页:照片;23cm
    
    
    ISBN 7-80639-993-3:CNY25.00
    本书重点收录了前苏联的斯大林和朱可夫,美国的罗斯福、艾森豪威尔、麦克阿瑟和巴顿,英国的丘吉尔、蒙巴顿和蒙哥马利等风云人物。
●
相关链接 在E读中查询图书 在五车中查询图书 在当当中查询图书 在豆瓣中查询图书


正题名:二战十大风云人物     索取号:K811/JY48         预约/预借

序号 登录号 条形码 馆藏地/架位号 状态 备注
1 7835468   278354683   学院路分馆/ [索取号:K811/JY48] 在馆    
2 7836847   278368473   学院路分馆/ [索取号:K811/JY48] 在馆    
3 7836848   278368482   学院路分馆/ [索取号:K811/JY48] 在馆    
唐山师范学院图书馆 欢迎您!
大连网信软件有限公司© 版权所有